000 02146cam a22004814i 4500
003 PE-LiUPU
005 20250731173421.0
008 150706s r 000 0 d
020 _a9780825418143
035 _a(Sirsi) i9780825418143
040 _aPE-LiUPU
_bspa
_cPE-LiUPU
_erda
049 _aPRUA
082 0 4 _a230
_bT76
_221
100 1 _aTozer, A. W.,
_eautor.
245 1 0 _aFe auténtica :
_bvolvamos al verdadero cristianismo /
_cA. W. Tozer.
264 1 _aGrand Rapids, Michigan :
_bPortvoz,
_c2011.
300 _a202 páginas ;
_c22 cm.
336 _atext
_2rdacontent
337 _aunmediated
_2rdamedia
338 _avolume
_2rdacarrier
505 0 _aCristo es el Señor de su iglesia -- La autoridad relevante de la palabra de Dios -- Eso que se llama cristiandad -- El ominoso movimiento ecuménico -- El espíritu desalentador de los fariseos -- Cuidado con el juego de palabras religioso -- La naturaleza del reino de Dios: no solo en palabras -- Las características de un cristiano carnal -- El remanente: una doctrina alarmante -- La sagrada obligación de juzgar -- El recuerdo fascinante de las palabras muertas -- Palabras de vida para la iglesia actual -- Cómo actúa Dios en su iglesia -- El ministerio de la noche -- Cómo saber cuándo algo es de Dios.
526 _aSEG42
526 _aSEG41
526 _aSEG40
526 _aSEG39
526 _aP94
526 _aP87
526 _aP86
526 _aP85
526 _aP77
526 _aP76
526 _aP35
541 _g001-0000588;
650 0 4 _aCristianismo.
650 0 4 _aIglesia.
700 1 _aMenezo, Daniel,
_etr.
910 _agl
_bjv
_clch
_d20120622
942 _2ddc
_cBOOK
949 _a230 T76
_wDEWEY
_c1
_i64934
_lCCODEBUL1
_mBUL
_p11.00
_r0
_sY
_tBOOK
_u2015-7-6
_xTEOLOGIA
_PP35
_o.STAFF. Colección General
994 _aC0
_bPEPRU
596 _a1
999 _a230 T76
_wDEWEY
_c53643
_i64934
_d53643
_e2019-1-28
_f2021-11-9
_g5
_lCCODEBUL1
_mBUL
_n1
_p11.00
_q1
_r0
_sY
_tBOOK
_u2015-7-6
_xTEOLOGIA
_PP35
_0COMPRA
_o.STAFF. Colección General
980 _81
_gALBERTO SANCHEZ Responsable de Automatización